[Event "Bunratty Masters 2016"]
[Site "Bunratty IRL"]
[Date "2016.02.20"]
[Round "2.16"]
[White "MacElligott, Gerard"]
[Black "Gelip, Ioana"]
[Result "1-0"]
[WhiteTitle "CM"]
[WhiteElo "2082"]
[BlackElo "2132"]
[WhiteICU "1986"]
[WhiteClub "Elm Mount"]
[WhiteNationality "IRL"]
[BlackNationality "ROU"]
[WhiteFideId "2500647"]
[BlackFideId "1202260"]
[PlyCount "43"]
[EventDate "2016.02.19"]
[Source "TWIC 1112"]

{ Source: TWIC 1112. } { Reference: <a
href="http://www.irlchess.com/bunratty2016_allfiles/pairings_bunratty2016.html">Tournament
report</a>. }

1. d4 Nf6 2. c4 e6 3. g3 Bb4+ 4. Bd2 Qe7 5. Bg2 O-O 6. Nf3 Bxd2+ 7. Qxd2
Ne4 8. Qc2 Qb4+ 9. Nbd2 Nxd2 10. Qxd2 Qxc4 11. O-O Nc6 12. e4 Qb4 13. Qd3
Qe7 14. a3 a5 15. Rfe1 d6 16. Rac1 Nb8 17. Qc3 c6 18. Nd2 b5 19. d5 Bb7 20.
Nb3 Qf6 21. e5 Qd8 22. dxc6 1-0

[Event "Bunratty Masters 2016"]
[Site "Bunratty IRL"]
[Date "2016.02.20"]
[Round "2.17"]
[White "O'Connor, Jonathan"]
[Black "Li, Henry"]
[Result "1-0"]
[WhiteElo "2182"]
[BlackElo "1929"]
[WhiteICU "2131"]
[BlackICU "2016"]
[WhiteClub "Dublin"]
[BlackClub "Gonzaga"]
[WhiteNationality "IRL"]
[BlackNationality "IRL"]
[WhiteFideId "2501112"]
[BlackFideId "2508524"]
[PlyCount "107"]
[EventDate "2016.02.19"]
[Source "TWIC 1112"]

{ Source: TWIC 1112. } { Reference: <a
href="http://www.irlchess.com/bunratty2016_allfiles/pairings_bunratty2016.html">Tournament
report</a>. }

1. d4 Nf6 2. Nf3 g6 3. c4 Bg7 4. Nc3 O-O 5. e4 d6 6. h3 e5 7. d5 a5 8. g4
Na6 9. Be3 Kh8 10. Be2 Ng8 11. Qc2 f5 12. g5 b6 13. O-O-O a4 14. a3 Nc5 15.
Nd2 Nb3+ 16. Nxb3 axb3 17. Qxb3 f4 18. Bd2 Qxg5 19. Rdg1 Qh4 20. Nd1 Nf6
21. Qf3 Bd7 22. Nc3 Rf7 23. Kb1 Bh6 24. Be1 Raf8 25. Qd3 f3 26. Bxf3 Nxd5
27. Bg4 Nxc3+ 28. Qxc3 Qf6 29. Be2 Qf4 30. f3 Qe3 31. Qxe3 Bxe3 32. Rg2 Be6
33. h4 Kg7 34. Kc2 c6 35. Bc3 Bf4 36. Rd1 Rd8 37. Bb4 Rfd7 38. Be1 Kf6 39.
Bf2 Rb8 40. Rgg1 b5 41. cxb5 cxb5 42. b3 b4 43. a4 Rc8+ 44. Kb2 Rc3 45. Rd3
Rdc7 46. Rxc3 Rxc3 47. Bd1 Rd3 48. Bb6 Be3 49. Bxe3 Rxe3 50. Rg2 d5 51.
exd5 Bxd5 52. Rg4 Bxf3 53. Bxf3 Rxf3 54. Rxb4 1-0

[Event "Bunratty Masters 2016"]
[Site "Bunratty IRL"]
[Date "2016.02.20"]
[Round "2.18"]
[White "Salsac, Eric"]
[Black "Moran, Stephen"]
[Result "0-1"]
[WhiteElo "1972"]
[BlackElo "2132"]
[WhiteICU "1861"]
[BlackICU "2108"]
[BlackClub "T.C.D."]
[WhiteNationality "IRL"]
[BlackNationality "IRL"]
[WhiteFideId "15600211"]
[BlackFideId "2501872"]
[PlyCount "68"]
[EventDate "2016.02.19"]
[Source "TWIC 1112"]

{ Source: TWIC 1112. } { Reference: <a
href="http://www.irlchess.com/bunratty2016_allfiles/pairings_bunratty2016.html">Tournament
report</a>. }

1. e4 e6 2. d4 d5 3. Nc3 Bb4 4. e5 b6 5. Qg4 Bf8 6. f4 Nh6 7. Qh3 Ba6 8.
Bxa6 Nxa6 9. Nf3 Nb4 10. Kd1 c5 11. Be3 Nf5 12. Bf2 Rc8 13. Ne2 Qc7 14. c3
Nd3 15. Bg1 Nxb2+ 16. Ke1 h5 17. Nh4 Nxh4 18. Qxh4 Be7 19. Qh3 Qd7 20. Be3
Nc4 21. Kf2 cxd4 22. Bxd4 Nd2 23. Ke3 Ne4 24. Rhc1 g6 25. Ng3 Nxg3 26. Qxg3
Rc4 27. Qf2 Ba3 28. Rcb1 Qc6 29. Rb3 Bc5 30. Qb2 O-O 31. Kd3 Rc8 32. Rb1
Bxd4 33. cxd4 Rc2 34. Qa3 Qc4+ 0-1

[Event "Bunratty Masters 2016"]
[Site "Bunratty IRL"]
[Date "2016.02.20"]
[Round "2.19"]
[White "Murray, David B."]
[Black "McMorrow, John"]
[Result "1-0"]
[WhiteElo "2181"]
[BlackElo "1971"]
[WhiteICU "2124"]
[BlackICU "1829"]
[WhiteClub "Gonzaga"]
[BlackClub "Gonzaga"]
[WhiteNationality "IRL"]
[BlackNationality "IRL"]
[WhiteFideId "2501511"]
[BlackFideId "2501481"]
[PlyCount "89"]
[EventDate "2016.02.19"]
[Source "TWIC 1112"]

{ Source: TWIC 1112. } { Reference: <a
href="http://www.irlchess.com/bunratty2016_allfiles/pairings_bunratty2016.html">Tournament
report</a>. }

1. e4 e5 2. Nf3 Nc6 3. Bb5 a6 4. Ba4 Nf6 5. O-O b5 6. Bb3 Bc5 7. c3 d6 8.
a4 Bg4 9. h3 Bh5 10. g4 Bg6 11. d4 Bb6 12. g5 Nxe4 13. Bd5 Kd7 14. Re1 f5
15. gxf6 Nxf6 16. Bg5 e4 17. Ne5+ dxe5 18. dxe5 Kc8 19. Bxc6 Bxf2+ 20. Kxf2
e3+ 21. Bxe3 Ne4+ 22. Bxe4 Qh4+ 23. Kg1 Bxe4 24. Qg4+ Qxg4+ 25. hxg4 h5 26.
Nd2 Bc6 27. axb5 Bxb5 28. g5 Re8 29. Bd4 Kb7 30. e6 Rad8 31. Ne4 Kc6 32.
Bxg7 Rxe6 33. Ng3 Rg6 34. Bf6 Rdg8 35. Kh2 Bd3 36. Re3 Bc4 37. Nxh5 Kb7 38.
Ra4 Bb5 39. Rb4 c5 40. Rbe4 Bc6 41. Re5 Kb6 42. Nf4 Rxf6 43. gxf6 Rh8+ 44.
Kg3 Rh1 45. f7 1-0

[Event "Bunratty Masters 2016"]
[Site "Bunratty IRL"]
[Date "2016.02.20"]
[Round "2.20"]
[White "Keogh, Eamon"]
[Black "Van der Zwet, Bart"]
[Result "0-1"]
[WhiteTitle "NM"]
[WhiteElo "2028"]
[BlackElo "2100"]
[WhiteICU "1924"]
[WhiteClub "Kilkenny"]
[WhiteNationality "IRL"]
[BlackNationality "NED"]
[WhiteFideId "2500264"]
[BlackFideId "1004204"]
[PlyCount "74"]
[EventDate "2016.02.19"]
[Source "TWIC 1112"]
[BlackFullName "van der Zwet, Bart"]

{ Source: TWIC 1112. } { Reference: <a
href="http://www.irlchess.com/bunratty2016_allfiles/pairings_bunratty2016.html">Tournament
report</a>. }

1. e4 c6 2. d4 d5 3. e5 Bf5 4. Nc3 e6 5. Nce2 Nd7 6. Ng3 Bg6 7. h4 h6 8. h5
Bh7 9. Bd3 Bxd3 10. Qxd3 Qb6 11. Nf3 c5 12. c3 Ne7 13. O-O Nc6 14. Be3 Qxb2
15. Rfb1 Qa3 16. Qb5 Rb8 17. dxc5 a6 18. Qe2 Bxc5 19. Rb3 Qa4 20. Rab1 b5
21. Bc1 Qg4 22. Ba3 Ba7 23. Bd6 Qxg3 24. Nd4 Nxd4 25. cxd4 Qf4 26. a4 Rc8
27. axb5 axb5 28. Rxb5 Bxd4 29. Rb7 Bxe5 30. Bxe5 Qxe5 31. Qb5 Qd6 32. Ra1
Ke7 33. g3 Rhd8 34. Raa7 Rc6 35. Qb2 d4 36. Ra4 Rb6 37. Rxb6 Qxb6 0-1

[Event "Bunratty Masters 2016"]
[Site "Bunratty IRL"]
[Date "2016.02.20"]
[Round "2.21"]
[White "Denger, Philipp"]
[Black "Fehr, Jukka"]
[Result "0-1"]
[WhiteElo "2088"]
[BlackElo "1965"]
[WhiteNationality "GER"]
[BlackNationality "FIN"]
[WhiteFideId "4678150"]
[BlackFideId "4674693"]
[PlyCount "58"]
[EventDate "2016.02.19"]
[Source "TWIC 1112"]

{ Source: TWIC 1112. } { Reference: <a
href="http://www.irlchess.com/bunratty2016_allfiles/pairings_bunratty2016.html">Tournament
report</a>. }

1. e4 e6 2. d3 c5 3. Nf3 Nc6 4. Nbd2 g6 5. g3 Bg7 6. Bg2 d6 7. O-O Nge7 8.
Re1 e5 9. a4 O-O 10. Nc4 h6 11. c3 Kh7 12. Be3 f5 13. Qd2 Be6 14. b3 Qd7
15. Rac1 Rad8 16. Red1 f4 17. gxf4 Bh3 18. Bxh3 Qxh3 19. Ne1 d5 20. Nxe5
Nxe5 21. fxe5 Bxe5 22. f4 dxe4 23. Qe2 Nd5 24. dxe4 Nxf4 25. Qf3 Ne2+ 26.
Qxe2 Bxh2+ 27. Kh1 Bg3+ 28. Kg1 Rf1+ 29. Qxf1 Qh2# 0-1

[Event "Bunratty Masters 2016"]
[Site "Bunratty IRL"]
[Date "2016.02.20"]
[Round "2.22"]
[White "Mulligan, Scott"]
[Black "Wolferink, Frans"]
[Result "0-1"]
[WhiteElo "1895"]
[BlackElo "2092"]
[WhiteICU "1914"]
[WhiteClub "Rathmines"]
[WhiteNationality "IRL"]
[BlackNationality "NED"]
[WhiteFideId "2507498"]
[BlackFideId "1003917"]
[PlyCount "60"]
[EventDate "2016.02.19"]
[Source "TWIC 1112"]

{ Source: TWIC 1112. } { Reference: <a
href="http://www.irlchess.com/bunratty2016_allfiles/pairings_bunratty2016.html">Tournament
report</a>. }

1. d4 Nf6 2. c4 g6 3. Nc3 d5 4. cxd5 Nxd5 5. e4 Nxc3 6. bxc3 Bg7 7. Be3 O-O
8. Qd2 c5 9. d5 Qa5 10. Rc1 e6 11. c4 Qxd2+ 12. Kxd2 b6 13. g3 f5 14. Bg2
Bb7 15. exf5 Rxf5 16. g4 Rf8 17. Ne2 exd5 18. Rcd1 Nd7 19. g5 Ne5 20. Bxd5+
Bxd5 21. cxd5 Nc4+ 22. Kc2 Rae8 23. Rd3 Rxf2 24. Bxf2 Rxe2+ 25. Kc1 Rxf2
26. d6 Ne5 27. Ra3 a5 28. Rd1 Nd7 29. Re3 Be5 30. a4 Bf4 0-1

[Event "Bunratty Masters 2016"]
[Site "Bunratty IRL"]
[Date "2016.02.20"]
[Round "2.23"]
[White "Fegan, Chris"]
[Black "Byrne, Alex"]
[Result "0-1"]
[WhiteElo "2077"]
[BlackElo "1861"]
[BlackICU "1929"]
[BlackClub "St. Benildus"]
[WhiteNationality "ENG"]
[BlackNationality "IRL"]
[WhiteFideId "410047"]
[BlackFideId "2508788"]
[PlyCount "29"]
[EventDate "2016.02.19"]
[Source "TWIC 1112"]

{ Source: TWIC 1112. } { Reference: <a
href="http://www.irlchess.com/bunratty2016_allfiles/pairings_bunratty2016.html">Tournament
report</a>. }

1. e4 e6 2. d4 d5 3. c4 dxe4 4. Nc3 Nf6 5. Bg5 Be7 6. Nge2 b6 7. Bxf6 gxf6
8. Nxe4 Bb7 9. N2c3 f5 10. Ng3 Nd7 11. d5 Bf6 12. dxe6 fxe6 13. Qh5+ Kf8
14. Qh6+ Kg8 15. O-O-O 0-1

[Event "Bunratty Masters 2016"]
[Site "Bunratty IRL"]
[Date "2016.02.20"]
[Round "3.1"]
[White "Baburin, Alexander"]
[Black "Short, Nigel"]
[Result "0-1"]
[WhiteTitle "GM"]
[BlackTitle "GM"]
[WhiteElo "2490"]
[BlackElo "2684"]
[WhiteICU "2429"]
[WhiteClub "Kilkenny"]
[WhiteNationality "IRL"]
[BlackNationality "ENG"]
[WhiteFideId "2500914"]
[BlackFideId "400025"]
[PlyCount "102"]
[EventDate "2016.02.19"]
[Source "TWIC 1112"]

{ Source: TWIC 1112. } { Reference: <a
href="http://www.irlchess.com/bunratty2016_allfiles/pairings_bunratty2016.html">Tournament
report</a>. }

1. d4 Nf6 2. c4 e6 3. Nc3 Bb4 4. e3 b6 5. Bd3 Bb7 6. Nf3 O-O 7. O-O Bxc3 8.
bxc3 c5 9. Nd2 Nc6 10. e4 d6 11. Nb3 a5 12. Be3 cxd4 13. cxd4 Nb4 14. f3
Nxd3 15. Qxd3 Nd7 16. Nd2 f5 17. exf5 exf5 18. d5 Qc7 19. Rfe1 Rae8 20. Bd4
Nc5 21. Qc2 Bc8 22. Nb3 f4 23. Nxc5 bxc5 24. Bc3 h6 25. Qd2 Rxe1+ 26. Rxe1
a4 27. Re2 Qf7 28. Qe1 Bd7 29. Qh4 Qg6 30. Re4 Qg5 31. Qe1 Bh3 32. Qe2 Rb8
33. Re8+ Rxe8 34. Qxe8+ Kh7 35. Qe4+ Bf5 36. Qe2 Qg6 37. Qd2 Bh3 38. Ba5 a3
39. Bc3 Qb1+ 40. Kf2 Bf5 41. Qxf4 Qxa2+ 42. Kg3 Qc2 43. Ba1 Qb1 44. Bc3 a2
45. Qxd6 a1=Q 46. Bxa1 Qxa1 47. Qxc5 Qe1+ 48. Kf4 Bd3 49. Qc7 Qc1+ 50. Ke5
Bxc4 51. Kd4 Qd2+ 0-1

[Event "Bunratty Masters 2016"]
[Site "Bunratty IRL"]
[Date "2016.02.20"]
[Round "3.2"]
[White "Wells, Peter K."]
[Black "Korneev, Oleg"]
[Result "1/2-1/2"]
[WhiteTitle "GM"]
[BlackTitle "GM"]
[WhiteElo "2427"]
[BlackElo "2581"]
[WhiteNationality "ENG"]
[BlackNationality "ESP"]
[WhiteFideId "400327"]
[BlackFideId "4156803"]
[PlyCount "76"]
[EventDate "2016.02.19"]
[Source "TWIC 1112"]

{ Source: TWIC 1112. } { Reference: <a
href="http://www.irlchess.com/bunratty2016_allfiles/pairings_bunratty2016.html">Tournament
report</a>. }

1. d4 d5 2. c4 c6 3. Nf3 Nf6 4. Nc3 e6 5. Bg5 Nbd7 6. cxd5 exd5 7. e3 Be7
8. Qc2 Nh5 9. Bxe7 Qxe7 10. g4 Nhf6 11. g5 Ne4 12. Nxe4 dxe4 13. Nd2 Qxg5
14. Qxe4+ Qe7 15. Rg1 g6 16. b4 f5 17. Qxe7+ Kxe7 18. Rc1 Nf6 19. Nb3 Be6
20. Bc4 Bd5 21. a3 b6 22. Bxd5 cxd5 23. Ke2 Rac8 24. Nd2 Ne4 25. Nxe4 fxe4
26. h4 Kd6 27. b5 a6 28. bxa6 Rxc1 29. Rxc1 Ra8 30. h5 gxh5 31. Rh1 Rxa6
32. Rxh5 Rxa3 33. Rh6+ Kc7 34. Rxh7+ Kc6 35. Rh6+ Kc7 36. Rh7+ Kc6 37. Rh6+
Kc7 38. Rh7+ Kc6 1/2-1/2

[Event "Bunratty Masters 2016"]
[Site "Bunratty IRL"]
[Date "2016.02.20"]
[Round "3.3"]
[White "Hebden, Mark"]
[Black "Pein, Malcolm"]
[Result "1-0"]
[WhiteTitle "GM"]
[BlackTitle "IM"]
[WhiteElo "2467"]
[BlackElo "2357"]
[WhiteNationality "ENG"]
[BlackNationality "ENG"]
[WhiteFideId "400084"]
[BlackFideId "400289"]
[PlyCount "84"]
[EventDate "2016.02.19"]
[Source "TWIC 1112"]

{ Source: TWIC 1112. } { Reference: <a
href="http://www.irlchess.com/bunratty2016_allfiles/pairings_bunratty2016.html">Tournament
report</a>. }

1. d4 d6 2. e4 Nf6 3. Nc3 g6 4. Nf3 Bg7 5. Be3 a6 6. Qd2 b5 7. Bh6 Bxh6 8.
Qxh6 Bb7 9. e5 b4 10. Ne2 Bxf3 11. gxf3 Nh5 12. Ng3 dxe5 13. Nxh5 gxh5 14.
Qg7 Rf8 15. O-O-O Qd5 16. dxe5 Qxa2 17. Bh3 Qa1+ 18. Kd2 Qxb2 19. Ke3 e6
20. Rd8+ Kxd8 21. Qxf8+ Kd7 22. Qxf7+ Kc6 23. Qxe6+ Kb7 24. Bf5 Nc6 25. Be4
Qc3+ 26. Ke2 Qxc2+ 27. Bxc2 Nd4+ 28. Ke3 Nxe6 29. Be4+ c6 30. Rc1 Rc8 31.
f4 Kb6 32. Bf5 Re8 33. Bxe6 Rxe6 34. Ke4 a5 35. f5 Re8 36. f6 Kc7 37. f7
Rb8 38. Kf5 b3 39. e6 b2 40. Rd1 a4 41. e7 a3 42. f8=Q Ra8 1-0

[Event "Bunratty Masters 2016"]
[Site "Bunratty IRL"]
[Date "2016.02.20"]
[Round "3.4"]
[White "Collins, Sam"]
[Black "Williams, Simon K."]
[Result "1/2-1/2"]
[WhiteTitle "IM"]
[BlackTitle "GM"]
[WhiteElo "2442"]
[BlackElo "2435"]
[WhiteICU "2416"]
[WhiteClub "Gonzaga"]
[WhiteNationality "IRL"]
[BlackNationality "ENG"]
[WhiteFideId "2501198"]
[BlackFideId "404454"]
[PlyCount "127"]
[EventDate "2016.02.19"]
[Source "TWIC 1112"]

{ Source: TWIC 1112. } { Reference: <a
href="http://www.irlchess.com/bunratty2016_allfiles/pairings_bunratty2016.html">Tournament
report</a>. }

1. e4 d6 2. d4 Nf6 3. Nc3 Nbd7 4. Nf3 e5 5. Bc4 Be7 6. a4 c6 7. O-O Qc7 8.
Qe2 h6 9. dxe5 Nxe5 10. Nxe5 dxe5 11. a5 O-O 12. h3 Bb4 13. a6 b5 14. Bd3
Nd7 15. Qh5 Nc5 16. f4 Nxd3 17. cxd3 f5 18. Kh1 Bd7 19. fxe5 Qxe5 20. d4
Qe8 21. Qxe8 Raxe8 22. e5 Be6 23. Be3 Bc4 24. Rf2 c5 25. Na2 Ba5 26. Nc3
Bb4 27. Na2 Bxa2 28. Rxa2 f4 29. Bd2 Bxd2 30. Rxd2 cxd4 31. Rxd4 Rxe5 32.
b4 Rf7 33. Rc2 Re6 34. Rd5 Rxa6 35. Rxb5 f3 36. Rf2 Rb6 37. Ra5 Rxb4 38.
Rxf3 Rxf3 39. gxf3 Rb7 40. Ra6 Kf7 41. Kg2 Ke8 42. Kg3 Kd8 43. Kg4 Kc8 44.
Ra3 Kb8 45. Kh5 Rb6 46. f4 a6 47. Rg3 Rb7 48. Ra3 Ra7 49. Kg6 a5 50. f5 Kc8
51. f6 gxf6 52. Kxh6 Kd7 53. Kg6 Ke6 54. Re3+ Kd5 55. Kxf6 a4 56. Ra3 Kc4
57. h4 Kb4 58. Ra1 a3 59. h5 a2 60. h6 Kb3 61. Kg6 Kb2 62. Rxa2+ Kxa2 63.
h7 Rxh7 64. Kxh7 1/2-1/2

[Event "Bunratty Masters 2016"]
[Site "Bunratty IRL"]
[Date "2016.02.20"]
[Round "3.5"]
[White "Jones, Gawain"]
[Black "Costachi, Mihnea"]
[Result "1/2-1/2"]
[WhiteTitle "GM"]
[BlackTitle "FM"]
[WhiteElo "2629"]
[BlackElo "2409"]
[WhiteNationality "ENG"]
[BlackNationality "ROU"]
[WhiteFideId "409561"]
[BlackFideId "1217518"]
[PlyCount "141"]
[EventDate "2016.02.19"]
[Source "TWIC 1112"]

{ Source: TWIC 1112. } { Reference: <a
href="http://www.irlchess.com/bunratty2016_allfiles/pairings_bunratty2016.html">Tournament
report</a>. }

1. c4 Nf6 2. Nc3 g6 3. Nf3 Bg7 4. d4 d6 5. Bg5 h6 6. Bh4 g5 7. Bg3 Nh5 8.
e3 Nxg3 9. hxg3 c5 10. d5 Qa5 11. Qc2 Nd7 12. Be2 Nf6 13. Nd2 a6 14. a4 Bd7
15. Ra3 O-O-O 16. f3 h5 17. Kf2 Kb8 18. Nb3 Qc7 19. a5 e6 20. Nd2 Bc8 21.
Qb1 Rde8 22. b4 exd5 23. cxd5 h4 24. g4 Qe7 25. Nce4 Nxe4+ 26. Qxe4 Qf6 27.
Qb1 Qe5 28. Rh3 Qxd5 29. Nc4 Be5 30. Nxe5 Rxe5 31. Rh1 Ree8 32. Qb2 cxb4
33. Qxb4 Qe5 34. f4 gxf4 35. Qxf4 Re6 36. Qxe5 dxe5 37. Ra4 e4 38. Rb4 Re5
39. Rd1 Rh6 40. Ra4 f5 41. gxf5 Bxf5 42. Rdd4 Kc7 43. Ra1 Bd7 44. Rd2 Rf6+
45. Kg1 Rg5 46. Rc2+ Bc6 47. Bf1 h3 48. Kh2 Rgf5 49. Bc4 hxg2 50. Rxg2 Rh6+
51. Kg1 Rhh5 52. Rga2 Rhg5+ 53. Kh2 Rf6 54. Rg2 Rxg2+ 55. Kxg2 Rf3 56. Ra3
Kd6 57. Be2 Rf5 58. Kg3 Kd5 59. Rb3 Rf7 60. Bh5 Rf1 61. Bg4 Ra1 62. Bc8
Rg1+ 63. Kf4 Rg7 64. Bf5 Re7 65. Rb4 Kc5 66. Rb2 Re8 67. Rb1 Rd8 68. Bxe4
Bxe4 69. Kxe4 Re8+ 70. Kf4 Rf8+ 71. Ke4 1/2-1/2

[Event "Bunratty Masters 2016"]
[Site "Bunratty IRL"]
[Date "2016.02.20"]
[Round "3.6"]
[White "Heidenfeld, Mark"]
[Black "Short, Philip"]
[Result "1-0"]
[WhiteTitle "IM"]
[BlackTitle "FM"]
[WhiteElo "2370"]
[BlackElo "2298"]
[WhiteICU "2350"]
[WhiteClub "Kilkenny"]
[WhiteNationality "IRL"]
[BlackNationality "IRL"]
[WhiteFideId "2500990"]
[BlackFideId "2500086"]
[PlyCount "51"]
[EventDate "2016.02.19"]
[Source "TWIC 1112"]

{ Source: TWIC 1112. } { Reference: <a
href="http://www.irlchess.com/bunratty2016_allfiles/pairings_bunratty2016.html">Tournament
report</a>. }

1. e4 e6 2. d4 d5 3. Nc3 Bb4 4. Ne2 dxe4 5. a3 Be7 6. Nxe4 Nf6 7. N2c3 O-O
8. g3 Nc6 9. Be3 Nxe4 10. Nxe4 f5 11. Nc3 Bf6 12. Ne2 Qd5 13. Rg1 Rd8 14.
Bg2 Qb5 15. Bxc6 bxc6 16. b4 a5 17. c3 Qc4 18. f4 axb4 19. axb4 Rxa1 20.
Qxa1 Ba6 21. Nc1 c5 22. bxc5 Rb8 23. Kf2 Bb7 24. Qa2 Qxc3 25. Ne2 Qd3 26.
Qa7 1-0

[Event "Bunratty Masters 2016"]
[Site "Bunratty IRL"]
[Date "2016.02.20"]
[Round "3.7"]
[White "Villegas, Pierre"]
[Black "O'Gorman, Tom"]
[Result "1-0"]
[WhiteTitle "FM"]
[WhiteElo "2354"]
[BlackElo "2067"]
[BlackICU "2133"]
[BlackClub "Dun Laoghaire"]
[WhiteNationality "MNC"]
[BlackNationality "IRL"]
[WhiteFideId "654183"]
[BlackFideId "2508249"]
[PlyCount "71"]
[EventDate "2016.02.19"]
[Source "TWIC 1112"]

{ Source: TWIC 1112. } { Reference: <a
href="http://www.irlchess.com/bunratty2016_allfiles/pairings_bunratty2016.html">Tournament
report</a>. }

1. d4 Nf6 2. c4 g6 3. Nc3 Bg7 4. e4 d6 5. f3 O-O 6. Nge2 Nc6 7. Be3 a6 8.
Qd2 Rb8 9. Rc1 Bd7 10. Nd1 e5 11. d5 Ne7 12. Ng3 c5 13. Be2 b5 14. b4 cxb4
15. Qxb4 Ne8 16. c5 a5 17. Qd2 f5 18. exf5 gxf5 19. Nh5 f4 20. Bf2 Bf5 21.
Nxg7 Kxg7 22. Nc3 b4 23. Ne4 Bxe4 24. fxe4 Nf6 25. Bf3 Nexd5 26. exd5 e4
27. Bd4 exf3 28. O-O dxc5 29. Rxc5 fxg2 30. Rxf4 Rb6 31. Rxa5 Rd6 32. Ra7+
Kh8 33. Qd3 Rd7 34. Rxd7 Qxd7 35. Bxf6+ Kg8 36. Qg3+ 1-0

[Event "Bunratty Masters 2016"]
[Site "Bunratty IRL"]
[Date "2016.02.20"]
[Round "3.8"]
[White "Rendle, Thomas E."]
[Black "Van der Zwet, Bart"]
[Result "0-1"]
[WhiteTitle "IM"]
[WhiteElo "2366"]
[BlackElo "2100"]
[WhiteNationality "ENG"]
[BlackNationality "NED"]
[WhiteFideId "408760"]
[BlackFideId "1004204"]
[PlyCount "68"]
[EventDate "2016.02.19"]
[Source "TWIC 1112"]
[BlackFullName "van der Zwet, Bart"]

{ Source: TWIC 1112. } { Reference: <a
href="http://www.irlchess.com/bunratty2016_allfiles/pairings_bunratty2016.html">Tournament
report</a>. }

1. e4 c5 2. Nf3 Nc6 3. Bb5 g6 4. O-O Bg7 5. Bxc6 dxc6 6. d3 Nf6 7. h3 O-O
8. Nc3 Ne8 9. Be3 b6 10. a4 Nc7 11. a5 Ba6 12. Nd2 Nb5 13. Nxb5 cxb5 14.
Ra2 Qc7 15. Nb3 Rfd8 16. Qe1 b4 17. axb6 axb6 18. Nd2 Bb7 19. Rxa8 Rxa8 20.
b3 Ra2 21. Qd1 Qe5 22. Qb1 Rb2 23. Qa1 Qb8 24. Qa4 Rxc2 25. Nc4 Bxe4 26.
dxe4 b5 27. Qa5 bxc4 28. Bxc5 Bf6 29. f4 cxb3 30. Bf2 b2 31. e5 Rc1 32. Qa2
Qb5 33. Qa8+ Kg7 34. exf6+ exf6 0-1

[Event "Bunratty Masters 2016"]
[Site "Bunratty IRL"]
[Date "2016.02.20"]
[Round "3.9"]
[White "Bates, Richard A."]
[Black "Moynihan, Kieran"]
[Result "1-0"]
[WhiteTitle "IM"]
[WhiteElo "2332"]
[BlackElo "2138"]
[BlackICU "2058"]
[BlackClub "C.C.Y.M.S."]
[WhiteNationality "ENG"]
[BlackNationality "IRL"]
[WhiteFideId "403555"]
[BlackFideId "2500663"]
[PlyCount "77"]
[EventDate "2016.02.19"]
[Source "TWIC 1112"]

{ Source: TWIC 1112. } { Reference: <a
href="http://www.irlchess.com/bunratty2016_allfiles/pairings_bunratty2016.html">Tournament
report</a>. }

1. d4 f5 2. g3 Nf6 3. Bg2 e6 4. Nf3 Be7 5. O-O O-O 6. c4 d6 7. Nc3 Ne4 8.
Bd2 Nc6 9. Rc1 Kh8 10. Be1 Bf6 11. d5 Ne7 12. Nd4 Nxc3 13. Bxc3 Bxd4 14.
Qxd4 e5 15. Qd2 f4 16. c5 Bg4 17. cxd6 cxd6 18. Ba5 b6 19. Bb4 Rf6 20. gxf4
Rxf4 21. a3 Rf5 22. f4 Ng6 23. h3 Bh5 24. Rc6 Rf6 25. Rf2 h6 26. a4 Qe7 27.
f5 Nh4 28. e4 Nxg2 29. Kxg2 Be8 30. Rc3 Bxa4 31. Qc1 a5 32. Rc7 Qe8 33. Bd2
Qh5 34. Kh2 Qd1 35. Qc3 Qb1 36. Qg3 Rg8 37. Qh4 Be8 38. Bg5 Rff8 39. Bxh6
1-0

[Event "Bunratty Masters 2016"]
[Site "Bunratty IRL"]
[Date "2016.02.20"]
[Round "3.10"]
[White "Le Ruyet, Leopold"]
[Black "Quinn, Rory"]
[Result "1-0"]
[WhiteElo "2240"]
[BlackElo "2080"]
[BlackICU "2032"]
[BlackClub "Ennis"]
[WhiteNationality "FRA"]
[BlackNationality "IRL"]
[WhiteFideId "645923"]
[BlackFideId "2501643"]
[PlyCount "91"]
[EventDate "2016.02.19"]
[Source "TWIC 1112"]
[WhiteFullName "Le Ruyet, L&eacute;opold"]

{ Source: TWIC 1112. } { Reference: <a
href="http://www.irlchess.com/bunratty2016_allfiles/pairings_bunratty2016.html">Tournament
report</a>. }

1. e4 Nc6 2. d4 e5 3. Nf3 exd4 4. Nxd4 g6 5. Nxc6 bxc6 6. Qd4 Qf6 7. Qxf6
Nxf6 8. Nc3 Bg7 9. Be2 Rb8 10. Rb1 d6 11. O-O O-O 12. Be3 c5 13. f3 Be6 14.
Bd2 Nd7 15. b3 c6 16. Na4 Nb6 17. Nb2 f5 18. Nd3 fxe4 19. fxe4 d5 20. Be3
Bd4 21. Bxd4 cxd4 22. Nc5 Rxf1+ 23. Rxf1 Re8 24. Rd1 dxe4 25. Rxd4 e3 26.
c4 Bf5 27. Kf1 Nc8 28. Bf3 Ne7 29. Ke2 g5 30. g4 Bb1 31. Rd1 Bc2 32. Rc1
Bg6 33. Rc3 Kf7 34. Rxe3 Rc8 35. Re6 Bb1 36. a3 Ba2 37. Rd6 Rb8 38. Rd3 a5
39. a4 Ng6 40. Rd7+ Kf6 41. Bxc6 Bxb3 42. Bb5 Bc2 43. Kd2 Bb1 44. Kc1 Ba2
45. Rd2 Rc8 46. Nd7+ 1-0